Craft traditions, local natural resources and changing market : (Record no. 35703)
[ view plain ]
| 000 -LEADER | |
|---|---|
| fixed length control field | 00671nam a2200157Ia 4500 |
| 041 ## - LANGUAGE CODE | |
| Language code of text/sound track or separate title | English |
| 082 ## - DEWEY DECIMAL CLASSIFICATION NUMBER | |
| Classification number | RV.0131 |
| 100 ## - MAIN ENTRY--AUTHOR NAME | |
| Personal name | Velayudhan, Meera |
| Affiliation | Centre for environment & social concerns |
| 245 #0 - TITLE STATEMENT | |
| Title | Craft traditions, local natural resources and changing market : |
| Sub Title | study of two craft communities lohar metal bell makers and khatri ajrakh block printers in Kachchh, Gujarat / |
| Statement of responsibility, etc | Meera Velayudhan |
| 260 ## - PUBLICATION, DISTRIBUTION, ETC. (IMPRINT) | |
| Place of publication | New Delhi : |
| Name of publisher/Sponsor | Indian Council oF Social Science Research , |
| Year of publication | 2014 |
| 300 ## - PHYSICAL DESCRIPTION | |
| Number of Pages | iii, 79p. |
| 536 ## - FUNDING INFORMATION NOTE | |
| Funding Agency | Indian Council of Social Science Research |
| 546 ## - LANGUAGE NOTE | |
| Language note | English |
| 650 ## - SUBJECT ADDED ENTRY--TOPICAL TERM | |
| Topical Term | Natural resources |
| General subdivision | Mines and mineral resources |
| Geographic subdivision | GUJARAT |
| 942 ## - ADDED ENTRY ELEMENTS (KOHA) | |
| Koha item type | Research Reports |
| Source of classification or shelving scheme | Dewey Decimal Classification |
| Withdrawn status | Lost status | Damaged status | Not for loan | Collection code | Home library | Current library | Date acquired | Source of acquisition | Full call number | Accession Number | Price effective from | Koha item type |
|---|---|---|---|---|---|---|---|---|---|---|---|---|
| Not For Loan | ICSSR Research Project Reports | NASSDOC Library | NASSDOC Library | 20/04/2022 | Gifted by: RP Division ICSSR | RV.0131 | 52245 | 29/04/2022 | Research Reports |
